| 000 | 00590nam a2200205 a 4500 | ||
|---|---|---|---|
| 005 | 20240806064101.0 | ||
| 008 | 991125s1979 mx 000 0 spa u | ||
| 020 | _a9684030223 | ||
| 035 | _aUPN01000026181 | ||
| 049 | _aCG | ||
| 050 | 4 |
_aPT2617 E8.5 _bG4.8 1979 |
|
| 100 | 1 |
_aHesse, Hermann, _d1877-1962 _928760 |
|
| 245 | 1 | 0 |
_aGertrude / _cHermann Hesse ; tr. Emlio Avila de la Torre. |
| 250 | _a9a ed. | ||
| 260 |
_aMéxico : _bCompañía General de Ediciones, _c1979. |
||
| 300 | _a233 p. | ||
| 440 | 0 | _aIdeas, letras y vida | |
| 650 | 4 |
_aLiteratura alemana _910466 |
|
| 905 | _aLibro | ||
| 999 |
_c26181 _d26181 |
||